Tagungsband Ittingen 2004
| Titel: | Tagungsband Ittingen 2004 / Christa Pieske ... (Hrsg.) |
|---|---|
| Beteiligt: | |
| Veröffentlicht: | Münster [u.a.] : Waxmann, 2005 |
| Umfang: | 248 S. : Ill. |
| Format: | Buch |
| Sprache: | Deutsch |
| Schriftenreihe/ mehrbändiges Werk: |
Arbeitskreis Bild, Druck, Papier ; 9 |
| RVK-Notation: |
·
·
|
| ISBN: | 3830915195 ; 3830915194 |
alg: 13463596
001A $00004:09-12-05
001B $01999:20-08-22 $t18:19:50.000
001C $06050:25-08-07 $t11:18:24.000
001D $00077:14-12-05
001U $0utf8
001X $00
002@ $0Aau
003@ $0134635965
003O $0163347073 $aOCoLC
004A $03-8309-1519-5
004D $03-8309-1519-4
007A $0134635965 $aHEB
007T $0mhka0027211
010@ $ager
011@ $a2005
021A $aTagungsband Ittingen 2004 $hChrista Pieske ... (Hrsg.)
028C $BHrsg. $#Burgemeister, Christa $D20220215 $Ecgwrk $7121438732 $8Pieske, Christa$Z1919-2010 [Tp1] $9090711823
033A $pMünster {[u.a.] $nWaxmann
034D $a248 S.
034M $aIll.
036E $aArbeitskreis Bild, Druck, Papier $l9
036F $x19 $8Arbeitskreis Bild, Druck, Papier $9186274564 $l9
044K $RBeschreibstoff $RPappe $RKarton $#Paper $#Papier $#Carta $#Papel $#paper $#Papier $74044522-7 $8Papier [Ts1] $9085125040
044K $RKunst $RNaive Kunst $#Folk art $#Art populaire $#Arte popolare $#Arte popular $#Volkskunst $#Bäuerliche Kunst $#Bauernkunst $#Arte plebea $74063851-0 $8Volkskunst [Ts1] $9085179000
045Z $8AN 14500 [Tkv] $9407226850
045Z $8LB 19000 [Tkv] $9409464821
045Z $8LC 94010 [Tkv] $9409824739
046L $aBeitr. überw. dt., 1 Beitr. in ital. Sprache
046M $aLiteraturverz. S. [228] - 237
047A $aSacherschließung maschinell aus Retroprojekt ergänzt
lok: 13463596 25
exp: 13463596 25 1 #EPN
201B/01 $031-01-23 $t15:00:44.000
201C/01 $012-01-06
201U/01 $0utf8
203@/01 $0338205098
208@/01 $a12-01-06 $bz
209A/01 $aQ 13 - A 81 $dd $f070 $hQ 13 A 81 $x00
209C/01 $a2005/3548 $h2005 3548
209G/01 $a73080876 $x00
209G/01 $aGermanistik $x01
247C/01 $8651070-x <77/070>Mainz, Universität Mainz, Bereichsbibliothek Philosophicum, Standorte Germanistik I / Kulturanthropologie und Germanistik II $9102600198
exp: 13463596 25 2 #EPN
201B/02 $031-01-23 $t15:00:45.000
201C/02 $031-07-08
201U/02 $0utf8
203@/02 $0547454651
208@/02 $a31-07-08 $bzic
209A/02 $aQ 13 - A 81 / 2. Ex. $dd $f070 $hQ 13 A 81 +2 $x00
209C/02 $a2007/2044 $h2007 2044
209G/02 $a76675880 $x00
209G/02 $aGermanistik $x01
247C/02 $8651070-x <77/070>Mainz, Universität Mainz, Bereichsbibliothek Philosophicum, Standorte Germanistik I / Kulturanthropologie und Germanistik II $9102600198
lok: 13463596 75
101B $005-04-13 $t16:24:43.000
101U $0utf8
144Z/01 $aPapier / Volkskunst
144Z/02 $aVolkskunst / Papier
exp: 13463596 75 1 #EPN
201B/01 $005-04-13 $t16:24:43.000
201U/01 $0utf8
203@/01 $0673038106
208@/01 $a05-04-13 $br
209A/01 $aV Kongreß 2004 $ds $f100 $x00
209B/01 $a#99n20051228/11:45:26 $x06
209C/01 $a2005/2795 $x00
247C/01 $8358020-9 Kassel, Museumslandschaft Hessen Kassel, Bibliothek, Königstor $9314575480
lok: 13463596 78
exp: 13463596 78 1 #EPN
201B/01 $001-03-18 $t22:10:06.000
203@/01 $01018697659
208@/01 $a01-03-18 $bdo
201U/01 $0utf8
| LEADER | 00000cam a2200000 c 4500 | ||
|---|---|---|---|
| 001 | 134635965 | ||
| 003 | DE-603 | ||
| 005 | 20220820181950.0 | ||
| 007 | tu | ||
| 008 | 051209s2005 xx |||| | u00||u|ger c | ||
| 020 | |a 3830915195 | ||
| 020 | |z 3830915194 | ||
| 035 | |a (DE-599)HEB134635965 | ||
| 035 | |a (OCoLC)163347073 | ||
| 040 | |a DE-603 |b ger |c DE-603 |d DE-603 | ||
| 041 | |a ger | ||
| 084 | |a AN 14500 |0 (DE-625)5785: |0 (DE-603)407226850 |2 rvk | ||
| 084 | |a LB 19000 |0 (DE-625)90514:772 |0 (DE-603)409464821 |2 rvk | ||
| 084 | |a LC 94010 |0 (DE-625)90705:776 |0 (DE-603)409824739 |2 rvk | ||
| 245 | 0 | 0 | |a Tagungsband Ittingen 2004 |c Christa Pieske ... (Hrsg.) |
| 264 | 1 | |a Münster [u.a.] |b Waxmann |c 2005 | |
| 300 | |a 248 S. |b Ill. | ||
| 490 | 1 | |a Arbeitskreis Bild, Druck, Papier |v 9 | |
| 504 | |a Literaturverz. S. [228] - 237 | ||
| 546 | |a Beitr. überw. dt., 1 Beitr. in ital. Sprache | ||
| 650 | 7 | |a Papier |0 (DE-588)4044522-7 |0 (DE-603)085125040 |2 gnd | |
| 650 | 7 | |a Volkskunst |0 (DE-588)4063851-0 |0 (DE-603)085179000 |2 gnd | |
| 700 | 1 | |a Pieske, Christa |d 1919-2010 |e Hrsg. |4 edt |0 (DE-603)090711823 |0 (DE-588)121438732 |2 gnd | |
| 810 | 2 | 2 | |a Arbeitskreis Bild Druck Papier |t Arbeitskreis Bild, Druck, Papier |v 9 |w (DE-603)186274564 |w (DE-600)2034206-8 |9 19 |7 as |
| 924 | 0 | |9 77/070 |a (DE-603)338205098 |b DE-77-070 |c HES |d d |g Q 13 - A 81 | |
| 924 | 0 | |9 77/070 |a (DE-603)547454651 |b DE-77-070 |c HES |d d |g Q 13 - A 81 / 2. Ex. | |
| 924 | 0 | |9 Ks 14a |a (DE-603)673038106 |b DE-Ks14a |c HES |d d |g V Kongreß 2004 | |
| 924 | 0 | |9 603 |a (DE-603)1018697659 |b DE-603 |c HES |d d | |


